Makroekonomičeskoje planirovanije i stabilizacija finansov.

vývoj finančnej nerovnováhy v podmienkach administratívno-príkazového ekonomického systému. Príčiny rozpadu finančného systému ZSSR. Finančnú krízu je možné odstrániť likvidáciou nevybilancovanosti spoločenskej výroby. Potreba cieľa vedenej štátnej politiky a makroekonomického plánovania v podmienka...

Descrizione completa

Salvato in:
Dettagli Bibliografici
Autore principale: Šachova, G.Ja
Natura: Capitolo di libro
Lingua:russo
Soggetti:
Tags: Aggiungi Tag
Nessun Tag, puoi essere il primo ad aggiungerne!!

MARC

LEADER 00000naa a2200000 4500
001 r009550
005 20221130112850.2
041 0 |a rus 
044 |a [SU] 
245 1 0 |a Makroekonomičeskoje planirovanije i stabilizacija finansov.  |c G.Ja. Šachova 
520 |a vývoj finančnej nerovnováhy v podmienkach administratívno-príkazového ekonomického systému. Príčiny rozpadu finančného systému ZSSR. Finančnú krízu je možné odstrániť likvidáciou nevybilancovanosti spoločenskej výroby. Potreba cieľa vedenej štátnej politiky a makroekonomického plánovania v podmienkach trhovej ekonomiky. Makroekonomické plánovanie a tvorba cien. Vybilancovanosť medzi ponukou a dopytom. 
610 2 0 |a plánovanie hospodárske 
610 2 0 |a rovnováha finančná 
610 2 0 |a stabilizácia hospodárstva 
610 2 0 |a sústava finančná 
610 2 0 |a ZSSR 
610 2 0 |a kríza finančná 
610 2 0 |a hospodárstvo trhové 
610 2 0 |a výroba spoločenská 
610 2 0 |a tvorba cien 
610 2 0 |a ponuka 
610 2 0 |a dopyt 
610 2 0 |a bilancie 
100 1 |a Šachova, G.Ja.